University Home | Library Home | Institutional Repository

DISPLACEMENT. (Record no. 9994)

MARC details
000 -LEADER
fixed length control field 00442cas a2200157 4500
008 - FIXED-LENGTH DATA ELEMENTS--GENERAL INFORMATION
fixed length control field 161013n eng u
022 ## - INTERNATIONAL STANDARD SERIAL NUMBER
International Standard Serial Number 0015-0932
035 ## - SYSTEM CONTROL NUMBER
System control number (Sirsi) a197941
050 ## - LIBRARY OF CONGRESS CALL NUMBER
Classification number A2244
245 ## - TITLE STATEMENT
Title DISPLACEMENT.
260 ## - PUBLICATION, DISTRIBUTION, ETC.
Place of publication, distribution, etc. Munchen
Name of publisher, distributor, etc. Goethe-institut
Date of publication, distribution, etc. 2016.
310 ## - CURRENT PUBLICATION FREQUENCY
Current publication frequency Bi-annual.
362 ## - DATES OF PUBLICATION AND/OR SEQUENTIAL DESIGNATION
Dates of publication and/or sequential designation No.1, 2010 - No.105, 2016.
520 ## - SUMMARY, ETC.
Summary, etc. contains articles about displacement, racism and refugees.
650 ## - SUBJECT ADDED ENTRY--TOPICAL TERM
Topical term or geographic name entry element DISPLACEMENT
Holdings
Withdrawn status Lost status Source of classification or shelving scheme Damaged status Not for loan Home library Current library Shelving location Total Checkouts Full call number Barcode Date last seen Copy number Price effective from Koha item type
    Library of Congress Classification     Main Library Main Library Serials   A2244 09321052016 08/12/2019 1 08/12/2019 Periodical
© 2026 - The University of Zambia Library - Koha v25.11